La rosa de San Jorge / (Registro nro. 8931)

Detalles MARC
000 -LIDER
fixed length control field 01007nam a2200337 4500
001 - NÚMERO DE CONTROL
Identificador de número de control 410818
003 - IDENTIFICACDOR DE NÚMERO DE CONTROL
control field DO-SdBNP
005 - DATE AND TIME OF LATEST TRANSACTION
control field 20180221093024.0
007 - CAMPOS FIJOS DE DESCRIPCIÓN FÍSICA
fixed length control field 410818
008 - ELEMENTOS DE LONGITUD FIJA
fixed length control field 940726s1993 sp | |||| ||spa
016 7# - NO. DE CONTROL DE LA AGENCIA BIB. NACIONAL
Record control number
Source BPMSU
017 ## - NÚMERO DE REGISTRO DE DERECHOS DE AUTOR
Copyright or legal deposit number
Assigning agency
020 ## - ISBN
International Standard Book Number 8434825465
035 ## - NÚMERO LOCAL
System control number
040 ## - FUENTE DE CATALOGACIÓN
Agencia que crea de manera original el registro BPMSU
Idioma de catalogación spa
Agencia que realiza la transcripción BPMSU
Convenciones de la despripción
041 1# - CÓDIGOS DE OBRAS TRADUCIDAS O EN VARIOS IDIOMAS
Código del idioma del texto/archivo de sonido o separata spa
Cód. del idioma original y/o traducciones intermedias del texto
080 #0 - NÚMERO DE CLASIFICACIÓN DECIMAL UNIVERSAL
Universal Decimal Classification number
100 1# - ASIENTO PRINCIPAL -- NOMBRE PERSONAL
Nombre personal Sennell, Joles
Fechas asociadas con el nombre 1945-
240 13 - TITULO UNIFORME
Título uniforme La rosa de sant Jordi
Idioma de una obra español
245 13 - MENCIÓN DE TITULO
Título La rosa de San Jorge /
Mención de responsabilidad Joles Sennell ; ilustraciones de Roser Capdevila ; [traducción del catalán, Manuel Barbadillo]
Medio (Designación general de material)
250 ## - MENCIÓN DE EDICION
Mención de edición 4ª ed.
260 ## - PUBLICACIÓN, DISTRIBUCIÓN, ETC. (PIE DE IMPRENTA)
Lugar de publicación, distribución, etc Madrid :
Nombre del editor, distribuidor, etc. SM,
Fecha de publicación, distribución, etc 1993
300 ## - DESCRIPCIÓN FÍSICA
Extensión 63 p.;
Otros detalles físicos il.:
Dimensiones 20 cm,
490 1# - MENCIÓN DE SERIES
Mención de serie El barco de vapor. [Serie blanca]
Volume/sequential designation 30
700 1# - ASIENTO SECUNDARIO -- NOMBRE PERSONAL
Nombre personal Capdevila, Roser
Fechas asociadas con el nombre 1939-
Mención de responsabilidad il.
700 1# - ASIENTO SECUNDARIO -- NOMBRE PERSONAL
Nombre personal Barbadillo, Manuel
Fechas asociadas con el nombre 1928-2007
Mención de responsabilidad tr.
830 #3 - ASIENTO SECUNDARIO DE SERIE--TÍTULO UNIFORME
Título uniforme El barco de vapor.
Nombre de la parte o sección de una obra Serie blanca
Volume number/sequential designation 30
942 ## - ADDED ENTRY ELEMENTS (KOHA)
Source of classification or shelving scheme Dewey Decimal Classification
Koha item type Libros
945 ## - INFORMACIÓN DE PROCESAMIENTO LOCAL
Información de procesamiento local inventariado, 2018 / dg
956 ## - LOCAL ELECTRONIC LOCATION AND ACCESS (OCLC)
Nombre de host VMATEO
Método de acceso 10
Materiales especificados 20151126
Enlace BPMSU
Campo enlazado y núm. de secuencia 00151
Existencias
Withdrawn status Lost status Source of classification or shelving scheme Damaged status Not for loan Home library Current library Date acquired Source of acquisition Total Checkouts Barcode Date last seen Price effective from Koha item type
    Dewey Decimal Classification     Biblioteca Pública Metropolitana Salomé Ureña Biblioteca Pública Metropolitana Salomé Ureña 11/26/2015 FUNDI   BPMSU15110507 11/26/2015 11/26/2015 Libros